000 00569nam a2200241Ia 4500
003 OSt
005 20221007115338.0
006 a|||||r|||| 00| 0
007 ta
008 221006b |||||||| |||| 00| 0 eng d
024 _a36,755
037 _cTextual
040 _aLCO
_cLCO
_beng
041 _2eng
_aeng
082 _aZ2,93, Q6
100 _aSINGH (G.P.)
245 0 _aPrinciples of Statutory Interpretation
250 _a14th
260 _c2014
300 _a1312
942 _hZ2,93, Q6
_cTEXL
999 _c1206318
_d1206318